LEADER 01368nam a2200325 i 4500 001 991002065019707536 008 130523s2006 it ||| | ita d 020 $a8820714930 035 $ab14115360-39ule_inst 040 $aDip.to Fisica$beng 082 0 $a530 084 $a53.1.3 084 $a53.1.68 084 $a531 100 1 $aMencuccini, Corrado$0332090 245 10$aFisica 1 :$bmeccanica, termodinamica : corso di fisica per le facoltà tecnico-scientifiche corredato di esempi ed esercizi /$cCorrado Mencuccini, Vittorio Silvestrini 250 $a3. ed. 260 $aNapoli :$bLiguori,$c2006 300 $a800 p. :$bill. ;$c27 cm 650 4$aMechanics 650 4$aThermodynamics 700 1 $aSilvestrini, Vittorio$eauthor$4http://id.loc.gov/vocabulary/relators/aut$0359 907 $a.b14115360$b02-04-14$c23-05-13 912 $a991002065019707536 945 $aLE006 53(022+076) MEN$cC. 1$g1$i2006000170659$lle006$op$pE75.00$q-$rl$s- $t0$u25$v0$w25$x0$y.i15586844$z24-01-14 945 $aLE006 53(022+076) MEN$cC. 2$g1$i2006000170635$lle006$op$pE75.00$q-$rl$s- $t0$u15$v1$w15$x0$y.i15586856$z24-01-14 945 $aLE006 53(022+076) MEN$cC. 3$g1$i2006000170642$lle006$op$pE75.00$q-$rn$so $t0$u2$v0$w2$x0$y.i15586868$z24-01-14 996 $aFisica 1$977359 997 $aUNISALENTO 998 $ale006$b23-05-13$cm$da $e-$fita$git $h0$i0 LEADER 02772oam 2200685I 450 001 9910779419103321 005 20240131154236.0 010 $a1-317-11128-1 010 $a1-317-11127-3 010 $a1-315-59035-2 010 $a1-299-39819-7 010 $a1-4094-1779-4 024 7 $a10.4324/9781315590356 035 $a(CKB)2550000001017740 035 $a(EBL)1160531 035 $a(SSID)ssj0000856343 035 $a(PQKBManifestationID)12429293 035 $a(PQKBTitleCode)TC0000856343 035 $a(PQKBWorkID)10807346 035 $a(PQKB)11554485 035 $a(Au-PeEL)EBL4523609 035 $a(CaPaEBR)ebr11490351 035 $a(OCoLC)1018161070 035 $a(OCoLC)953046593 035 $a(FINmELB)ELB139629 035 $a(MiAaPQ)EBC4523609 035 $a(EXLCZ)992550000001017740 100 $a20180706e20162013 uy 0 101 0 $aeng 135 $aur|n|---||||| 181 $ctxt 182 $cc 183 $acr 200 10$aJaqueline Tyrwhitt $ea transnational life in urban planning and design /$fEllen Shoshkes 210 1$aLondon :$cRoutledge,$d2016. 215 $a1 online resource (275 p.) 225 1 $aDesign and the built environment 300 $aFirst published 2013 by Ashgate Publishing. 311 $a1-4094-1778-6 320 $aIncludes bibliographical references and index. 327 $apt. I. 1905-1940 -- pt. II. 1941-1945 -- pt. III. 1945-1949 -- pt. IV. 1949-1956 -- pt. V. 1955-1972. 330 $aJaqueline Tyrwhitt, a British town planner, editor, and educator who was at the center of the group of people who shaped the postwar Modern Movement played a central role in Twentieth Century design history and yet her contributions to planning and urban design education and practice, mapping, CIAM discourse are largely unacknowledged. This intellectual biography not only details these landmark contributions, working alongside Geddes, Sert, Giedion and Doxiadis, but also indicates their relevance for contemporary scholars and practitioners, particularly those concerned with 'healthy' community 410 0$aDesign and the built environment series. 606 $aCity planners$zGreat Britain$vBiography 606 $aWomen city planners$zGreat Britain$vBiography 606 $aCity planning$zGreat Britain$xHistory$y20th century 606 $aCity planning$xHistory$y20th century 615 0$aCity planners 615 0$aWomen city planners 615 0$aCity planning$xHistory 615 0$aCity planning$xHistory 676 $a711.4092 700 $aShoshkes$b Ellen.$01578686 801 0$bMiAaPQ 801 1$bMiAaPQ 801 2$bMiAaPQ 906 $aBOOK 912 $a9910779419103321 996 $aJaqueline Tyrwhitt$93858277 997 $aUNINA LEADER 04224nam 22006855 450 001 9910863108703321 005 20251113191948.0 010 $a981-15-6930-4 024 7 $a10.1007/978-981-15-6930-2 035 $a(CKB)4100000011526793 035 $a(MiAaPQ)EBC6381388 035 $a(DE-He213)978-981-15-6930-2 035 $a(PPN)26030087X 035 $a(EXLCZ)994100000011526793 100 $a20201024d2020 u| 0 101 0 $aeng 135 $aurnn|008mamaa 181 $ctxt$2rdacontent 182 $cc$2rdamedia 183 $acr$2rdacarrier 200 10$aAutophagy in tumor and tumor microenvironment /$fedited by Sujit Kumar Bhutia 205 $a1st ed. 2020. 210 1$aSingapore :$cSpringer Nature Singapore :$cImprint: Springer,$d2020. 215 $a1 online resource (VII, 280 p. 38 illus., 37 illus. in color.) 311 08$a981-15-6929-0 327 $aChapter 1. Role of xenobiotic in autophagy inflection in cell death and carcinogenesis -- Chapter 2. Autophagy ? An agonist and antagonist with an interlink of apoptosis in cancer -- Chapter 3. Cross-talk between DNA damage and autophagy and its implication in cancer therapy -- Chapter 4. miRNAs and its regulatory role on autophagy in tumor microenvironment -- Chapter 5. Exploring the metabolic implications of autophagy modulation in tumor microenvironment -- Chapter 6. Mitophagy and Reverse Warburg Effect: Metabolic Compartmentalization of Tumor Microenvironment -- Chapter 7. Mitochondrial Biogenesis, Mitophagy, and Mitophagic cell death in Cancer Regulation: A Comprehensive Review -- Chapter 8. Mechanical stress-induced autophagy: a key player in cancer metastasis -- Chapter 9. The Interplay of Autophagy and the Immune system in the Tumor Microenvironment -- Chapter 10. Relevance of autophagy in cancer stem cell and therapeutic -- Chapter11. The Autophagy Conundrum in Cancer Development, Progression and Therapeutics -- Chapter 12. Targeting Autophagy in Cancer: Therapeutic implications -- Chapter 13. Mechanistic insights into Autophagosome-Lysosome Fusion in Cancer Therapeutics. 330 $aThis book deals with the paradoxical role of autophagy in tumor suppression and tumor promotion in cancer cells. Autophagy plays opposing, context-dependent roles in tumors; accordingly, strategies based on inhibiting or stimulating autophagy could offer as potential cancer therapies. The book elucidates the physiological role of autophagy in modulating cancer metastasis, which is the primary cause of cancer-associated mortality. Further, it reviews its role in the differentiation, development, and activation of multiple immune cells, and its potential applications in tumor immunotherapy. In addition, it examines the effect of epigenetic modifications of autophagy-associated genes in regulating tumor growth and therapeutic response and summarizes autophagy?s role in the development of resistance to a variety of anti-cancer drugs in cancer cells. In closing, it assesses autophagy as a potential therapeutic target for cancer treatment. Given its scope, the book offers a valuable asset for all oncologists and researchers who wish to understand the potential role of autophagy in tumor biology. 606 $aCancer 606 $aImmunology 606 $aMedical microbiology 606 $aMolecular genetics 606 $aStem cells 606 $aCell death 606 $aCancer Biology 606 $aImmunology 606 $aMedical Microbiology 606 $aMolecular Genetics 606 $aStem Cell Biology 606 $aCell Death 615 0$aCancer. 615 0$aImmunology. 615 0$aMedical microbiology. 615 0$aMolecular genetics. 615 0$aStem cells. 615 0$aCell death. 615 14$aCancer Biology. 615 24$aImmunology. 615 24$aMedical Microbiology. 615 24$aMolecular Genetics. 615 24$aStem Cell Biology. 615 24$aCell Death. 676 $a616.9940072 702 $aBhutia$b Sujit Kumar 801 0$bMiAaPQ 801 1$bMiAaPQ 801 2$bMiAaPQ 906 $aBOOK 912 $a9910863108703321 996 $aAutophagy in tumor and tumor microenvironment$92046991 997 $aUNINA